| 000 | 01101nam a2200205Ia 4500 | ||
|---|---|---|---|
| 999 |
_c55883 _d55883 |
||
| 001 | 22981 | ||
| 003 | GE_BSU | ||
| 005 | 20210223150708.0 | ||
| 008 | 181216s1990||||ge |||||||||||||| ||geo|| | ||
| 040 | _cGE_BSU | ||
| 041 | _ageo | ||
| 080 | _a821.353.1.09(075.8) უ-12 | ||
| 245 |
_aუახლესი ქართული ლიტერატურის ისტორია : _bნაწ. 2 / _c [რ. მიშველაძის რედ.]. თბილ. სახელმწ. უნ-ტი, უახლესი ქართული ლიტ-რის კათედრა. |
||
| 264 |
_aთბილისი : _bთბილ. უნ-ტის გამ-ბა, _c1990. |
||
| 300 |
_a456 გვ., _b22 სმ. |
||
| 653 | _aუახლესი ქართული ლიტერატურის ისტორია | ||
| 653 | _aსახელმძღვანელოები უმაღლესი სასწავლებლებისათვის | ||
| 700 |
_aმიშველაძე, რ. _eრედაქტორი _910204 |
||
| 942 |
_cBK _2udc |
||